00933nam a2200265Ia 450000500170000000800280001702000180004508200190006310000200008224500800010225000170018230000420019950000340024150400270027553400800030265000430038265000420042565000290046770000210049626400270051733600270054433700330057133800280060404000350063220220317000312.0141031s9999 ck 000 0 spa d a978844932348504a398.2454bE81d1 aEvans, Jonathan10aDragonesbmito y leyenda cJonathan Evans ; traducción de Lourdes Bassols a1a edición a191 páginasbilustraciones en color aIncluye índice alfabético aIncluye bibliografía tDragons, a beautifully illustrated quest for the world's great dragon myths142LEMBaDragonesxAnimales fantásticos142LEMBaMitologíaxDragonesvLeyendas142LEMBaAnimales fabulosos1 aBassols, Lourdes aMadridbPaidósc2010 atextobtxt2rdacontent asin mediaciónbn2rdamedia avolumenbnc2rdacarrier aCO-BoRNBPbspaerdacCO-BoRNBP